Common Knowledge #17 - Statistics

General Stats
  • This quiz has been taken 1,008 times
  • The average score is 12 of 20
Answer Stats
Hint Answer % Correct
What bean does chocolate come from? Cocoa
90%
What fruit is the number one selling item at Walmart? Bananas
84%
What is the periodic symbol for gold? Au
83%
What type of reptile can detach their tails when they are in danger and then regrow it? Lizard
77%
What sport do The Harlem Globetrotters play? Basketball
76%
What name is given to a female deer? Doe
76%
Kimchi is a popular side dish from where? Korea
76%
What is the name of the district in New York that is famous for hosting multiple touring musicals? Broadway
75%
Which Tasmanian marsupial is known for its temper? Tasmanian Devil
73%
Which US State is known for their juicy peaches? Georgia
68%
BackRub was the original name of what search engine? Google
68%
U.S. President, Herbert C. _________. Hoover
61%
Turtles breathe out of what part of their body? Butt
57%
What is the Portuguese word for "Brazil"? Brasil
55%
What is the 'perfect score' in a game of Ten Pin Bowling? 300
54%
Which film involves people entering other people’s dreams? Inception
48%
What type of dog is 'Handsome Dan', the mascot of Yale University? Bulldog
40%
Where did the Mayflower take pilgrims to in 1620? Plymouth
38%
Which science deals with the motion of projectiles? Ballistics
13%
Who claimed he could “drive away the devil with a fart?” Martin Luther
5%
No matching quizzes found
Score Distribution
Percent of People with Each Score
Percentile by Number Answered
Your Score History
You have not taken this quiz